banner-ar

اكتب اليكم بغضب: كيف تقول لا فى عصر نعم / (Record no. 48460)

MARC details
000 -الفاتح
حقل البيانات ثابتة الطول 00634nam a2200181Ia 4500
008 - عناصر البيانات ثابتة الطول - معلومات عامة
حقل البيانات ثابتة الطول 140319s9999 xx 000 0 ara d
040 ## - مصدر الفهرسة
وكالة الفهرسة الأصلية GCL /
وكالة النسخ GCL
082 04 - رقم تصنيف ديوى العشرى
رقم التصنيف 323.4
رقم المادة ر ا
100 1# - المدخل الرئيسى - إسم شخصى
الإسم الشخصى رياض نجيب الريس
245 10 - بيان العنوان
العنوان اكتب اليكم بغضب: كيف تقول لا فى عصر نعم /
بيان المسئوليه,etc رياض نجيب الريس
300 ## - الوصف المادى
التعداد 267 ص
490 ## - بيان السلسلة
عنوان السلسلة الهيئة العامة للاستعلامات
رقم المجلد/ التعيين التسلسلي 0
650 04 - المدخل الاضافى بالموضوع-مصطلح موضوعى
مصطلح موضوعي حريةالصحافة , تاريخ
650 04 - المدخل الاضافى بالموضوع-مصطلح موضوعى
مصطلح موضوعي الثقافة والدولة
650 04 - المدخل الاضافى بالموضوع-مصطلح موضوعى
مصطلح موضوعي العالم العربى - الاحوال السياسية
942 ## - عناصر المدخل الإضافي( كوها)
مصدر التصنيف او مخطط الترفيف Dewey Decimal Classification
Koha [default] item type كتاب
Holdings
حالة التراجع حالة الفقد حالة تلف ليس للاعارة المكان المؤقت الموقع الحالى تاريخ الاكتساب اجمالي اﻻعارات رقم الطلب الباركود تاريخ اخر مشاهدة تاريخ تفعيل السعر نوع وعاء كوها
        مكتبة القاهرة الكبرى مكتبة القاهرة الكبرى 03/26/2014   323.4\ر ا 117036 03/26/2014 03/26/2014 كتاب
        مكتبة القاهرة الكبرى مكتبة القاهرة الكبرى 03/26/2014   323.4\ر ا 117037 03/26/2014 03/26/2014 كتاب

Powered By

EGPV